<?xml version="1.0" encoding="UTF-8"?>
<collection xmlns="http://www.loc.gov/MARC21/slim">
 <record>
  <leader>00385pamaa2200133   4500</leader>
  <controlfield tag="001">0000012729</controlfield>
  <controlfield tag="005">20070402090000.0</controlfield>
  <datafield tag="020" ind1="0" ind2="0">
   <subfield code="a">0062514997 </subfield>
  </datafield>
  <datafield tag="090" ind1="0" ind2="0">
   <subfield code="a">G2230 </subfield>
   <subfield code="b">HAR 1991</subfield>
  </datafield>
  <datafield tag="245" ind1="0" ind2="4">
   <subfield code="a">The HARPER concise atlas of the bible  </subfield>
   <subfield code="c">edited by James B. Pritchard.</subfield>
  </datafield>
  <datafield tag="260" ind1="0" ind2="0">
   <subfield code="a">New York: </subfield>
   <subfield code="b">Harper Collins, </subfield>
   <subfield code="c">1991.</subfield>
  </datafield>
  <datafield tag="300" ind1=" " ind2=" ">
   <subfield code="a">151p.: </subfield>
   <subfield code="b">col.ill.; </subfield>
   <subfield code="c">31cm.</subfield>
  </datafield>
  <datafield tag="650" ind1="0" ind2="0">
   <subfield code="a">Atlases </subfield>
  </datafield>
  <datafield tag="700" ind1="1" ind2="1">
   <subfield code="a">Pritchard, </subfield>
   <subfield code="h">James B. </subfield>
  </datafield>
 </record>
</collection>
